Statistics for Katakana Alphabet (in 60 seconds)

Click here to take the quiz!

General Stats

  • This quiz has been taken 122 times
  • The average score is 38 of 46

Answer Stats

katakanaroomaji/english pronunciation% Correct
a
98%
i
95%
ka
95%
su
95%
chi
93%
e
93%
ki
93%
ko
93%
ku
93%
o
93%
sa
93%
se
93%
shi
93%
so
93%
ta
93%
tsu
93%
u
93%
ke
91%
ni
91%
te
91%
to
91%
na
90%
nu
88%
ne
86%
no
86%
fu
84%
ha
84%
he
84%
hi
84%
ho
84%
ma
78%
mu
78%
mi
72%
mo
72%
me
71%
ri
71%
ya
71%
yo
71%
ra
69%
ru
69%
yu
69%
re
67%
ro
66%
n
64%
wa
64%
wo
62%

Score Distribution

Percentile by Number Answered

Percent of People with Each Score

Your Score History

You have not taken this quiz